Koncepčný návrh samohybného postrekovača na pásovom podvozku pre vinohrad

Salvato in:
Dettagli Bibliografici
Autore principale: Yakovlyev, Maksym (Autore)
Altri autori: Protasov, Roman (Relatore della tesi)
Natura: Manoscritto Libro
Lingua:slovacco
Pubblicazione: 2025
Soggetti:
Accesso online:http://is.stuba.sk/zp/portal_zp.pl?podrobnosti=171678
Tags: Aggiungi Tag
Nessun Tag, puoi essere il primo ad aggiungerne!!

MARC

LEADER 00000ntm a22000003a 4500
001 stuzp105494
003 SK-STU
005 20250628212829.7
007 ta
008 150427s2015----xo-----f-mn---000-0-slo-d
040 |a STU  |b slo 
041 0 |a slo 
100 1 |a Yakovlyev, Maksym  |u 020030  |k Z4  |4 aut  |U SjF Strojnícka fakulta  |T SjF Ústav automobilového inžinierstva a konštruovania  |X 117324  |U J0030  |Y 806  |7 117324 
242 0 1 |a Conceptual design of a self-propelled sprayer on a tracked chassis for vineyards  |y eng 
245 1 0 |a Koncepčný návrh samohybného postrekovača na pásovom podvozku pre vinohrad 
260 |c 2025 
650 4 |a postrekovač  |2 slo 
650 4 |a vinič  |2 slo 
650 4 |a samohybný  |2 slo 
650 4 |a sprayer  |2 eng 
650 4 |a vine  |2 eng 
650 4 |a self-propelled  |2 eng 
700 1 |a Protasov, Roman  |u 020030  |k Z1  |4 ths  |U SjF Strojnícka fakulta  |T SjF Ústav automobilového inžinierstva a konštruovania  |X 101680  |U J0030  |Y 806  |7 101680 
856 4 |u http://is.stuba.sk/zp/portal_zp.pl?podrobnosti=171678